| 000 | 00897nas a2200301 4500 | ||
|---|---|---|---|
| 001 | BR2015002562 | ||
| 003 | BR-BrBNA | ||
| 005 | 20231205125243.0 | ||
| 007 | ta | ||
| 008 | 230509b bl.|||p| |||| 00| 00por d | ||
| 040 |
_aBR-BrBNA _bpor _cBiblioteca Nacional de Agricultura |
||
| 041 | _a(Pt) | ||
| 072 | _aT01; P06 | ||
| 100 | 1 | _aZanoni, M.M.V. | |
| 100 | 1 | _aZanatta, J.A. | |
| 100 | 1 | _aDieckow, J. | |
| 100 | 1 | _aKan, A. | |
| 100 | 1 | _aReissmann, C.B. | |
| 245 | 1 | _aEmissão de metano por decomposição de resíduo florestal inundado | |
| 650 | _aEFEITO ESTUFA | ||
| 650 | _aMATÉRIA ORGÂNICA | ||
| 650 | _aPOLUIÇÃO DO AR | ||
| 650 | _aBIOGÁS | ||
| 650 | _a | ||
| 773 | 0 |
_tRevista Brasileira de Engenharia Agrícola e Ambiental (Brasil) _xISSN 1415-4366 _g(Feb 2015), v. 19(2) p. 173-179 _wBR2015002562 |
|
| 909 |
_a202311 _bLúcia _c55 _dLúcia Elande |
||
| 942 |
_2AGRIS _n0 _cANA |
||
| 999 |
_c243461 _d243461 |
||